Statistics for Universities in the U.K.

Click here to take the quiz!

General Stats

  • This quiz has been taken 9 times
  • The average score is 26 of 126

Answer Stats

Answer% Correct
University of Bristol
67%
University of Cambridge
67%
University of Glasgow
67%
University of Manchester
67%
University of Oxford
67%
University of Bath
56%
University of Birmingham
56%
University of Exeter
56%
University of Hull
56%
University of Liverpool
56%
University of Nottingham
56%
Manchester Metropolitan University
44%
Swansea University
44%
University of Aberdeen
44%
University of Bedfordshire
44%
University of Brighton
44%
University of Chester
44%
University of Derby
44%
University of East Anglia
44%
University of Leeds
44%
University of Leicester
44%
University of Lincoln
44%
University of Plymouth
44%
University of Reading
44%
University of Southampton
44%
University of Surrey
44%
University of Warwick
44%
University of York
44%
Aberystwyth University
33%
Anglia Ruskin University
33%
Cardiff University
33%
Nottingham Trent University
33%
University of Bradford
33%
University of Cumbria
33%
University of Gloucestershire
33%
University of Hertfordshire
33%
University of Kent
33%
University of London
33%
University of Northampton
33%
University of Portsmouth
33%
University of Salford
33%
University of Sheffield
33%
Bangor University
22%
Bournemouth University
22%
Durham University
22%
Edge Hill University
22%
Keele University
22%
Lancaster University
22%
Leeds Beckett University
22%
Liverpool Hope University
22%
Liverpool John Moores University
22%
Loughborough University
22%
Newcastle University
22%
University of Bolton
22%
University of Chichester
22%
University of Dundee
22%
University of St Andrews
22%
University of Sussex
22%
University of Winchester
22%
University of Wolverhampton
22%
University of Worcester
22%
Abertay University
11%
Aston University
11%
Birmingham City University
11%
Brunel University
11%
Buckinghamshire New University
11%
Canterbury Christ Church University
11%
Cardiff Metropolitan University
11%
Coventry University
11%
De Montfort University
11%
Falmouth University
11%
Glasgow Caledonian University
11%
Heriot-Watt University
11%
Middlesex University
11%
Northumbria University
11%
Oxford Brookes University
11%
Queen's University Belfast
11%
Sheffield Hallam University
11%
Southampton Solent University
11%
University of Buckingham
11%
University of Essex
11%
University of Greenwich
11%
University of Huddersfield
11%
University of Stirling
11%
University of Suffolk
11%
University of the West of England
11%
University of Wales
11%
University of Westminster
11%
York St John University
11%
Arden University
0%
Bath Spa University
0%
Bishop Grosseteste University
0%
BPP University
0%
Cranfield University
0%
Edinburgh Napier University
0%
Glyndwr University
0%
Harper Adams University
0%
Kingston University
0%
Leeds Trinity University
0%
London Metropolitan University
0%
London South Bank University
0%
Newman University
0%
Norwich University of the Arts
0%
Queen Margaret University
0%
Regent's University
0%
Roehampton University
0%
Royal Agricultural University
0%
Staffordshire University
0%
St Mary's University
0%
Teesside University
0%
The Arts University Bournemouth
0%
The Open University
0%
The Robert Gordon University
0%
Ulster University
0%
University College Birmingham
0%
University for the Creative Arts
0%
University of Central Lancashire, Preston & Burnley
0%
University of East London
0%
University of Highlands & Islands
0%
University of Law
0%
University of South Wales
0%
University of St Mark & St John
0%
University of Strathclyde
0%
University of the West of Scotland
0%
University of West London
0%
University o Sunderland
0%

Score Distribution

Percentile by Number Answered

Percent of People with Each Score

Your Score History

You have not taken this quiz